Statistics for Elon Musk

Click here to take the quiz!

General Stats

  • This quiz has been taken 108 times
  • The average score is 6 of 9

Answer Stats

HintAnswer% Correct
What is the name of his car company?Tesla
100%
What is the name of his exploration company?SpaceX
94%
how many sons does Elon Musk have?5
93%
Fill in the blank. The ______ CompanyBoring
78%
What company did X.com turn into?PayPal
76%
what year did he release the Roadster?2006
69%
What company did Elon Musk begin his career with?Zip2
33%
what was the name of his first wife?Justine Wilson
21%
What was the name of his second wife?Talulah Riley
20%

Score Distribution

Percentile by Number Answered

Percent of People with Each Score

Your Score History

You have not taken this quiz